| 000 | 00000cam 2200000zi 4500 |
| 001 | 9.959679 |
| 003 | CaOODSP |
| 005 | 20260603105443 |
| 006 | m o d f |
| 007 | cr cn |||||||| |
| 008 | 260209t20252026onc ob f000 0 fre d |
| 020 | |a9780660983035 |
| 040 | |aCaOODSP|bfre|erda|cCaOODSP |
| 043 | |an-cn--- |
| 086 | 1 |aT94-111/2026F-PDF |
| 245 | 00|aExamen de suivi de la réponse de Logement, Infrastructures et Collectivités Canada (LICC) aux vérifications externes : |brapport final / |cDirection de l’audit interne, Direction générale de l’audit et de l’évaluation. |
| 246 | 17|aExamen de suivi de la réponse de LICC aux vérifications externes — rapport |
| 264 | 1|aOttawa (Ontario) : |bLogement, infrastructures et collectivités Canada = Housing, Infrastructure and Communities Canada, |coctobre 2025. |
| 264 | 4|c©2026 |
| 300 | |a1 ressource en ligne (43 pages) |
| 336 | |atexte|btxt|2rdacontent/fre |
| 337 | |ainformatique|bc|2rdamedia/fre |
| 338 | |aressource en ligne|bcr|2rdacarrier/fre |
| 500 | |aPublié aussi en anglais sous le titre : Follow-up review of Housing, Infrastructure and Communities Canada response to external audits: final report. |
| 504 | |aComprend des références bibliographiques. |
| 610 | 16|aCanada. |bLogement, infrastructures et collectivités Canada|xAudit. |
| 710 | 1 |aCanada. |bLogement, infrastructures et collectivités Canada, |bDirection générale de l’audit et de l’évaluation, |eorganisme de publication. |
| 775 | 08|tFollow-up review of Housing, Infrastructure and Communities Canada response to external audits : |w(CaOODSP)9.959678 |
| 856 | 40|qPDF|s817 Ko|uhttps://publications.gc.ca/collections/collection_2026/licc-hicc/T94-111-2026-fra.pdf |
| 856 | 4 |qHTML|sS.O.|uhttps://logement-infrastructure.canada.ca/pd-dp/ia-vi/review-external-audits-response-examen-verifications-externes-fra.html |